000 01322nam a2200265Ia 4500
999 _c41241
_d41241
001 7893
003 GE_BSU
005 20200114112624.0
008 181216s2013||||ge |||||||||||||| ||geo||
020 _a9789941212451
040 _cGE_BSU
041 _ageo
080 _a27-36 ქ–24
245 _aწმინდა მღვდელმოწამე გრიგოლ ფერაძე /
_cშემდგ. სოფიო თავაძე; რედ. თამარ მამაცაშვილი.
264 _aთბილისი :
_b პალიტრა L,
_c2013.
300 _a173 გვ.;
_b20 სმ.
490 _aსაქართველოს იმედი :
_vყველა წმინდანი, რომელთა შესახებაც უნდა იცოდე, წ.23
_xISSN 2298-0547
600 _aგრიგოლი (ფერაძე, 1899-1942)
_96094
653 _aქრისტიანობა
653 _aრელიგია
653 _aსაქართველოს წმინდანები
700 _aთავაძე, სოფიო
_eშემდგენელი
_95013
700 _a მამაცაშვილი, თამარ
_eპროექტის რედაქტორი
_96095
942 _cBK
_2udc